书目信息 |
| 题名: |
法官告诉您怎样打婚姻官司
|
|
| 作者: | 牛丽 , 孙国武 主编 | |
| 分册: | ||
| 出版信息: | 长春 吉林人民出版社 2010.04 |
|
| 页数: | 138页 | |
| 开本: | 24cm | |
| 丛书名: | 法官说法丛书 | |
| 单 册: | ||
| 中图分类: | D923.904 | |
| 科图分类: | ||
| 主题词: | 婚姻法--基本知识--中国 | |
| 电子资源: | ||
| ISBN: | 978-7-206-05176-0 | |
| 000 | 00813nam 2200265 450 | |
| 001 | 003343427 | |
| 005 | 20110303110458.25 | |
| 010 | @a978-7-206-05176-0@dCNY18.00 | |
| 100 | @a20100515d2010 em y0chiy50 ea | |
| 101 | 0 | @achi |
| 102 | @aCN@b220000 | |
| 105 | @ay z 000yy | |
| 200 | 1 | @a法官告诉您怎样打婚姻官司@Afa guan gao su nin zen yang da hun yin guan si@f牛丽主编@Fniu li zhu bian |
| 205 | @a第2版 | |
| 210 | @a长春@c吉林人民出版社@d2010.04 | |
| 215 | @a138页@d24cm | |
| 225 | 2 | @a法官说法丛书 |
| 330 | @a本书内容包括:“婚姻家庭”、“婚姻纠纷”、“婚姻解除”等。 | |
| 410 | 0 | @12001 @a法官说法丛书 |
| 606 | 0 | @a婚姻法@x基本知识@y中国 |
| 690 | @aD923.904@v4 | |
| 701 | 0 | @a牛丽@Aniu li@4主编 |
| 701 | 0 | @a孙国武@Asun guo wu@4主编 |
| 801 | 0 | @aCN@c20110303 |
| 905 | @dD923.904@eN7071=2@f3 | |
| 法官告诉您怎样打婚姻官司/牛丽主编.-第2版.-长春:吉林人民出版社,2010.04 |
| 138页;24cm.-(法官说法丛书) |
| ISBN 978-7-206-05176-0:CNY18.00 |
| 本书内容包括:“婚姻家庭”、“婚姻纠纷”、“婚姻解除”等。 |
| ● |
| 相关链接 |
|
|
|
正题名:法官告诉您怎样打婚姻官司
索取号:D923.904/N7071=2
 
预约/预借
| 序号 | 登录号 | 条形码 | 馆藏地/架位号 | 状态 | 备注 |
| 1 | 1194017 | 211940177 | 社科库509/422社科库 39排2列3层/ [索取号:D923.904/N7071=2] | 在馆 | |
| 2 | 1194018 | 211940186 | 社科库509/422社科库 39排2列3层/ [索取号:D923.904/N7071=2] | 在馆 | |
| 3 | 1194019 | 211940195 | 社科库509/509社科库 95排2列3层/ [索取号:D923.904/N7071=2] | 在馆 |